书目信息 |
| 题名: |
2016国家医师资格考试模拟试题解析
|
|
| 作者: | ;医师资格考试指导用书专家编写组 编写 | |
| 分册: | 口腔执业医师 | |
| 出版信息: | 北京 人民卫生出版社 2015 |
|
| 页数: | 266页 | |
| 开本: | 26cm | |
| 丛书名: | ||
| 单 册: | ||
| 中图分类: | R , R78 | |
| 科图分类: | ||
| 主题词: | 医药学--医师--资格考试--题解 , 口腔科学--医师--资格考试--题解 | |
| 电子资源: | ||
| ISBN: | 978-7-117-21349-3 | |
| 000 | 01024nam0 2200277 450 | |
| 001 | 1670643900 | |
| 005 | 20160109004559.0 | |
| 010 | @a978-7-117-21349-3@dCNY65.00 | |
| 100 | @a20160109d2015 em y0chiy0110 ea | |
| 101 | 0 | @achi |
| 102 | @aCN@b110000 | |
| 105 | @ay q 000yy | |
| 106 | @ar | |
| 200 | 1 | @a2016国家医师资格考试模拟试题解析@92016 guo jia yi shi zi ge kao shi mo ni shi ti jie xi@i口腔执业医师@f医师资格考试指导用书专家编写组[编写] |
| 205 | @a修订版 | |
| 210 | @a北京@c人民卫生出版社@d2015 | |
| 215 | @a266页@d26cm | |
| 300 | @a国家医学考试中心唯一推荐用书 | |
| 330 | @a本书分为基础医学综合、预防医学综合、临床医学综合、口腔临床医学综合四部分。主要内容包括:口腔组织病理学、预防医学、牙周病学等。 | |
| 606 | 0 | @a医药学@x医师@x资格考试@j题解 |
| 606 | 0 | @a口腔科学@x医师@x资格考试@j题解 |
| 690 | @aR@v5 | |
| 690 | @aR78@v5 | |
| 711 | 02 | @a医师资格考试指导用书专家编写组@9yi shi zi ge kao shi zhi dao yong shu zhuan jia bian xie zu@4编写 |
| 801 | 0 | @aCN@b江苏新华@c20150511 |
| 905 | @aBZT@dR@e14 | |
| 2016国家医师资格考试模拟试题解析.口腔执业医师/医师资格考试指导用书专家编写组[编写].-修订版.-北京:人民卫生出版社,2015 |
| 266页;26cm |
| 国家医学考试中心唯一推荐用书 |
| ISBN 978-7-117-21349-3:CNY65.00 |
| 本书分为基础医学综合、预防医学综合、临床医学综合、口腔临床医学综合四部分。主要内容包括:口腔组织病理学、预防医学、牙周病学等。 |
| ● |
| 相关链接 |
|
|
|
正题名:2016国家医师资格考试模拟试题解析
索取号:R/14
 
预约/预借
| 序号 | 登录号 | 条形码 | 馆藏地/架位号 | 状态 | 备注 |
| 1 | 800007 | 2000800007 | 第二书库/ [索取号:R/14] | 在馆 | |
| 2 | 800008 | 2000800008 | 第二书库/ [索取号:R/14] | 在馆 | |
| 3 | 800009 | 2000800009 | 第二书库/ [索取号:R/14] | 在馆 |